Hrabě Monte Christo /
Velkolepou vlastní dramatizaci klasického románu A. Dumase natáčel šéfrežisér Čs. rozhlasu Jiří Horčička řadu měsíců a dokončil ji v r. 1983. Hrají v ní tři desítky herců dvou generací a jejichvýkony odpovídají profesionalitě režiséra, který dnes patří mezi legendy (zemřel 27. 3. 2007). Nechybí boha...
Uloženo v:
| Hlavní autor: | |
|---|---|
| Další autoři: | |
| Médium: | E-audiokniha |
| Vydáno: |
Praha :
Supraphon a.s.,
2008
|
| Tagy: |
Žádné tagy |
| LEADER | 02821nim a22005057i 4500 | ||
|---|---|---|---|
| 001 | 313329 | ||
| 007 | sr nunnnnnnned | ||
| 024 | |a 099925586720 | ||
| 044 | |a xr | ||
| 100 | 1 | |a Dumas, Alexandre |4 aut | |
| 245 | 1 | 0 | |a Hrabě Monte Christo / |c Dumas, Alexandre |
| 264 | 1 | |a Praha : |b Supraphon a.s., |c 2008 | |
| 300 | |a 1 online zdroj (3 hod., 22 min., 52 sek.) | ||
| 336 | |a mluvené slovo |b spw |2 rdacontent | ||
| 337 | |a audio |b s |2 rdamedia | ||
| 338 | |a online zdroj |b cr |2 rdacarrier | ||
| 505 | 0 | 0 | |t Spiknuti (15 min., 2 sek.) |
| 505 | 0 | 0 | |t Na scenu vstupuje pan Villefort (10 min., 12 sek.) |
| 505 | 0 | 0 | |t Oklaman a zavrzen (8 min., 3 sek.) |
| 505 | 0 | 0 | |t Edmond Dantes je pro svet mrtev (10 min., 59 sek.) |
| 505 | 0 | 0 | |t Veznem na ostrove If (3 min., 55 sek.) |
| 505 | 0 | 0 | |t Abbe Faria (15 min., 29 sek.) |
| 505 | 0 | 0 | |t Svoboda a ostrov Monte Christo (5 min., 1 sek.) |
| 505 | 0 | 0 | |t Poklad zacina plnit sve poslani (7 min., 26 sek.) |
| 505 | 0 | 0 | |t Caderousse (14 min., 3 sek.) |
| 505 | 0 | 0 | |t Hrabe Monte Christo bere spravedlnost do svych rukou (15 min., 12 sek.) |
| 505 | 0 | 0 | |t Maskarni ples v Opere (8 min., 26 sek.) |
| 505 | 0 | 0 | |t Albert de Morcerf (10 min., 57 sek.) |
| 505 | 0 | 0 | |t Dum v Auteuili (7 min., 31 sek.) |
| 505 | 0 | 0 | |t Tajemstvi pana de Villefort (7 min., 7 sek.) |
| 505 | 0 | 0 | |t Prokuratoruv levobocek (8 min., 4 sek.) |
| 505 | 0 | 0 | |t Znovu na ostrove If (5 min., 37 sek.) |
| 505 | 0 | 0 | |t Haide, dcera janinskeho pasi (4 min., 17 sek.) |
| 505 | 0 | 0 | |t Vikomt Andrea Cavalcanti (6 min., 16 sek.) |
| 505 | 0 | 0 | |t Laska a zarlivost (7 min., 46 sek.) |
| 505 | 0 | 0 | |t Vyrovnani s Caderoussem (6 min., 53 sek.) |
| 505 | 0 | 0 | |t Konec pana de Villefort (6 min., 24 sek.) |
| 505 | 0 | 0 | |t Zbyva Fernand Mondego (12 min., 44 sek.) |
| 505 | 0 | 0 | |t Novy zacatek (5 min., 18 sek.) |
| 520 | 2 | |a Velkolepou vlastní dramatizaci klasického románu A. Dumase natáčel šéfrežisér Čs. rozhlasu Jiří Horčička řadu měsíců a dokončil ji v r. 1983. Hrají v ní tři desítky herců dvou generací a jejichvýkony odpovídají profesionalitě režiséra, který dnes patří mezi legendy (zemřel 27. 3. 2007). Nechybí bohatá scénická hudba (Vl. Truc a A. Palouček) i spousta zvukových efektů. Více než dvousetminutová zvuková realizace stále vyhledávané romantické literární předlohy patří k perlám zvukového archivu Supraphonu a dostává se do rukou posluchače konečně v nezkrácené podobě! | |
| 700 | 1 | |a interpreti, Různí |4 nrt | |
| 910 | |a RBIT002 | ||
| 998 | |d 403234 |a https://core.palmknihy.cz/api/books/403234/cover?sc3po7 |b https://core.palmknihy.cz/api/books/403234/cover/400?sc3po7 |c https://core.palmknihy.cz/api/books/403234/cover/50?sc3po7 |e 2099-01-01 |i 099925586720 |l 12172 |q 49 |r 1 |s https://www.palmknihy.cz/kniha/403234 |t audiobook |y 2008 |z 1 | ||
| 999 | |d 313327 | ||